| 000 | 01902cam a22004814i 4500 | ||
|---|---|---|---|
| 003 | PE-LiUPU | ||
| 005 | 20250731173113.0 | ||
| 008 | 190103s2018 ilu r 001 0 eng d | ||
| 020 | _a0830845283 | ||
| 020 | _a9780830845286 | ||
| 035 | _a(Sirsi) a251294 | ||
| 040 |
_aPE-LiUPU _bspa _cPE-LiUPU _erda |
||
| 049 | _aPRUA | ||
| 082 | 0 | 4 |
_a261.720973 _bO26 _223 |
| 100 | 1 |
_aO'Brien, Brandon J., _eautor. |
|
| 245 | 1 | 0 |
_aDemanding liberty : _ban untold story of American religious freedom / _cBrandon J. O'Brien. |
| 264 | 1 |
_aDowners Grove, IL : _bInterVarsity Press, _c[2018]. |
|
| 300 |
_a195 páginas ; _c21 centímetros. |
||
| 336 |
_atext _2rdacontent |
||
| 337 |
_aunmediated _2rdamedia |
||
| 338 |
_avolume _2rdacarrier |
||
| 504 | _aÍndice : páginas 186-195. | ||
| 505 | 0 | _aFilled up with sin : why America needed a revival -- Ministry and the Holy Spirit -- Becoming Baptist -- No more nursing fathers -- A record of wrongs -- Religious liberty on the eve of war -- New liberties in the new world: a lesson in controlling the narrative -- Backus, Baptists, and the Bill of Rights -- Where to go from here. | |
| 526 | _aSEG42 | ||
| 526 | _aSEG41 | ||
| 526 | _aSEG40 | ||
| 526 | _aSEG39 | ||
| 526 | _aP94 | ||
| 526 | _aP87 | ||
| 526 | _aP86 | ||
| 526 | _aP85 | ||
| 526 | _aP77 | ||
| 526 | _aP76 | ||
| 526 | _aP35 | ||
| 650 | 0 | 4 |
_aBautistas _zEstados Unidos _xClero _vBiografía. |
| 650 | 0 | 4 |
_aLibertad de religión _zEstados Unidos _xHistoria _ysiglo xviii. |
| 910 |
_adbm _bsag _csag _d20190103 |
||
| 942 |
_2ddc _cBOOK |
||
| 994 |
_aC0 _bPEPRU |
||
| 596 | _a1 | ||
| 999 |
_a261.720973 O26 _wDEWEY _c30713 _i79454 _f2021-11-10 _g3 _lCCODEBUL1 _mBUL _p10.20 _r0 _sY _tBOOK _u2019-1-3 _xTEOLOGIA _PP85 _0DONACION _1FCOMPR2 _o.STAFF. Colección Teología _d30713 |
||
| 980 |
_81 _gALBERTO SANCHEZ Responsable de Automatización |
||